Esto lo cambia todo : (Registro nro. 58886)

Detalles MARC
000 -CABECERA
Longitud fija campo de control 01320nam a2200385 c 4500
003 - • IDENTIFICADOR DELl NÚMERO DE CONTROL
Identificador del número de control CO-BoRNBP
005 - • FECHA Y HORA DE LA ÚLTIMA TRANSACCIÓN
Fecha y hora de la última transacción 20250828213422.0
007 - • CAMPO FIJO DE DESCRIPCIÓN FÍSICA
Campo fijo de descripción física ta
008 - • CÓDIGOS DE INFORMACIÓN DE LONGITUD FIJA
Códigos de información de longitud fija 210819s2015 sp er 000 0dspa d
020 ## - • NÚMERO INTERNACIONAL NORMALIZADO PARA LIBROS
Número Internacional Normalizado para Libros (ISBN) 9584243675
020 ## - • NÚMERO INTERNACIONAL NORMALIZADO PARA LIBROS
Número Internacional Normalizado para Libros (ISBN) 9788449331022
020 ## - • NÚMERO INTERNACIONAL NORMALIZADO PARA LIBROS
Número Internacional Normalizado para Libros (ISBN) 9789584243676
040 ## - FUENTE DE LA CATALOGACIÓN
Centro catalogador de origen CO-BoRNBP
Lengua de catalogación spa
Normas de descripción rda
Centro transcriptor CO-BoRNBP
041 1# - • CÓDIGO DE LENGUA
Código de lengua del texto/banda sonora o título independiente spa
Código de lengua original eng
082 04 - • NÚMERO DE LA CLASIFICACIÓN DECIMAL DEWEY
Número de clasificación (R) 363.73874
Número del ítem K42e
Número de edición 22
100 1# - • PUNTO DE ACCESO PRINCIPAL-NOMBRE DE PERSONA
Nombre de persona Klein, Naomi,
Fechas asociadas al nombre 1970-
Término indicativo de función aut
245 10 - • TITULO PROPIAMENTE DICHO
Título Esto lo cambia todo :
Resto del título el capitalismo contra el clima /
Mención de responsabilidad, etc. Naomi Klein ; traducción de Albino Santos Mosquera.
250 ## - • MENCIÓN DE EDICIÓN
Mención de edición Primera edición
264 #1 - PRODUCCIÓN, PUBLICACIÓN , DISTRIBUCIÓN, FABRICACIÓN Y COPYRIGHT
Lugar de producción, publicación, distribución, fabricación Bogotá, Colombia :
Nombre del productor, editor, distribuidor, fabricante Paidós,
Fecha de de producción, publicación, distribución, fabricación o copyright 2015
300 ## - • DESCRIPCIÓN FÍSICA
Extensión 703 páginas
336 ## - TIPO DE CONTENIDO
Término de tipo de contenido texto
Código de tipo de contenido txt
Fuente rdacontent
337 ## - TIPO DE MEDIO
Nombre del tipo de medio sin mediación
Código del tipo de medio n
Fuente rdamedia
338 ## - TIPO DE SOPORTE
Nombre del tipo de soporte volumen
Código del tipo de soporte nc
Fuente rdacarrier
490 0# - • MENCIÓN DE SERIE
Mención de serie Paidós Estado y Sociedad
500 ## - • NOTA GENERAL
Nota general Incluye índice analítico y de nombres
521 ## - • NOTA DE PÚBLICO DESTINATARIO
Nota público destinatario (R ) Recomendado para un público adulto
534 ## - • Nota De Versión Original
Título This changes everything
545 ## - DATOS BIOGRÁFICOS O HISTÓRICOS
Datos bigr´ficos o históricos Incluye datos biográficos del autor en la solapa
650 00 - • PUNTO DE ACCESO ADICIONAL DE MATERIA - TÉRMINO DE MATERIA
Término de materia o nombre geográfico como elemento inicial Cambio climático
Subdivisión de materia general Aspectos económicos
Fuente del encabezamiento o término LEMB
650 07 - • PUNTO DE ACCESO ADICIONAL DE MATERIA - TÉRMINO DE MATERIA
Término de materia o nombre geográfico como elemento inicial Economía ambiental
Fuente del encabezamiento o término lemb
650 07 - • PUNTO DE ACCESO ADICIONAL DE MATERIA - TÉRMINO DE MATERIA
Término de materia o nombre geográfico como elemento inicial Política ambiental
Subdivisión de materia general Aspectos económicos
Fuente del encabezamiento o término lemb
700 ## - • PUNTO DE ACCESO ADICIONAL - NOMBRE DE PERSONA
Nombre de persona Santos Mosquera, Albino
Término indicativo de función trl
942 ## - ENTRADA DE ELEMENTOS AGREGADOS (KOHA)
Fuente de clasificaión o esquema Dewey Decimal Classification
Koha [por defecto] tipo de item LIbro
Existencias
Perdido Fuente de clasificación o esquema Estado Físico No para préstamo Forma de adquisición Localización permanente Localización actual Localización en estanterías Fecha adquisición Préstamos totales Signatura completa Código de barras Fecha última consulta Número de copia Fecha del precio de reemplazo Tipo de item de Koha
  Dewey Decimal Classification     Colección General Biblioteca Pública Mapiripan - Jorge Eliecer Gaitán Biblioteca Pública Mapiripan - Jorge Eliecer Gaitán General 08/28/2025   363.73874 K42e MPJG00644 08/28/2025 Ej.1 08/28/2025 LIbro









Instituto Departamental de Cultura del Meta - Red Departamental de Bibliotecas Públicas del Meta.